000 00334nam a2200145Ia 4500
005 20251222152006.0
008 251222s9999||||xx |||||||||||||| ||spa||
020 _a9507427694
082 _a861.62/N44
100 _aNeruda, Pablo
245 0 _aAntología Poética
250 _a1ra.ed.
264 _bPlaneta Bolsillo
942 _cLIB
999 _c24717
_d24717